| 000 | 01516cam a22003734i 4500 | ||
|---|---|---|---|
| 999 |
_c64387 _d64387 |
||
| 001 | 13163468 | ||
| 003 | CO-MdFUSB | ||
| 005 | 20180815112744.0 | ||
| 008 | 030415t2003 pau g b 001 0 eng | ||
| 010 | _a 2003008787 | ||
| 020 | _a1563384019 (pbk.) | ||
| 040 |
_aDLC _cCO-MdFUSB _dCO-MdFUSB _bspa _erda |
||
| 041 | _aeng | ||
| 042 | _apcc | ||
| 082 | 0 | 0 |
_224 _aG 261.55 _bP978e |
| 100 | 1 |
_aPugh, Jeffrey C., _d1952- _eautor |
|
| 245 | 1 | 0 |
_aEntertaining the triune mystery _b: God, science, and the space between _c/ Jeffrey C. Pugh. |
| 260 | _c. | ||
| 264 | 1 |
_aHarrisburg, PA : _bTrinity Press International, _c℗2003 |
|
| 264 | 4 | _c©2003 | |
| 300 |
_axiii, 194 páginas ; _c23 cm. |
||
| 336 |
_2rdacontent _atexto _btxt |
||
| 337 |
_2rdamedia _asin mediación _bn |
||
| 338 |
_2rdacarrier _avolumen _bnc |
||
| 501 | _aIncluye índice (páginas 187- 194) | ||
| 504 | _aBibliografía (páginas 179-185) | ||
| 505 | 0 | _aPensar en misterio -- Construyendo a Dios -- Asistiendo al funeral de Dios -- El crisol de la creación -- Dios está en los detalles -- Bailando en las sombras -- Entre lo que ya es y lo que todavía no -- El misterio de la resistencia -- Dibujando el fuego. | |
| 650 | 7 |
_aReligión y ciencia _9259 |
|
| 906 |
_a7 _bcbc _corignew _d1 _eecip _f20 _gy-gencatlg |
||
| 942 | _cBK | ||